00506nam a22001097a 4500008004100000100002200041245008400063260003100147300003200178520015500210773003100365260401b ||||| |||| 00| 0 eng d aDarwisheh, Housam a The great betrayal: The struggle for freedom and democracy in the middle East  aThe Developing Economies  a63(4), Dec, 2025: p.368-371 a Fawaz A. Gerges, Princeton, NJ, Princeton University Press, 2025, xiv + 365 pp.- Reproduced https://onlinelibrary.wiley.com/doi/10.1111/deve.12449  aThe Developing Economies